F1 Drivers 2025 - Statistiken

Allgemein
  • Dieses Quiz wurde 141 mal gespielt
    37 seit der letzten Aktualisierung
  • Das Durchschnittsergebnis liegt bei 19 aus 21
Antwortstatistiken
Team Antwort % Korrekt
Ferrari Charles Leclerc
97%
Aston Martin Fernando Alonso
97%
Mercedes Kimi Antonelli
97%
Aston Martin Lance Stroll
97%
McLaren Lando Norris
97%
Ferrari Lewis Hamilton
97%
Red Bull Max Verstappen
97%
Kick Sauber Nico Hülkenberg
97%
McLaren Oscar Piastri
97%
Red Bull Yuki Tsunoda
97%
Haas Esteban Ocon
93%
Mercedes George Russell
93%
Racing Bulls Isack Hadjar
93%
Williams Carlos Sainz
90%
Alpine Pierre Gasly
90%
Kick Sauber Gabriel Bortoleto
87%
Racing Bulls Liam Lawson
87%
Williams Alexander Albon
83%
Alpine Franco Colapinto
83%
Haas Oliver Bearman
83%
Alpine Jack Doohan
70%
Keine übereinstimmenden Quizze gefunden
Verteilung der Resultate
Anzahl Personen mit jedem Resultat
Perzentil nach korrekt beantworteten Fragen
Ihre Resultats-Entwicklung
Sie haben dieses Quiz seit der letzten Aktualisierung nicht gespielt